[Event "4NCL Online Division 4"]
[Site "online"]
[Date "2020.05.12"]
[Round "6.23"]
[White "Wadsworth, Mark S"]
[Black "Narang, Vishal"]
[Result "1-0"]
[WhiteElo "1660"]
[BlackElo "1487"]
[PlyCount "113"]
[EventDate "2020.05.12"]
[WhiteTeam "Atticus B"]
[BlackTeam "Phones Pals"]

1. c4 c5 2. Nc3 Nc6 3. g3 e6 4. Bg2 Nf6 5. Nf3 Be7 6. d4 cxd4 7. Nxd4 O-O 8.
O-O h6 9. e4 Rb8 10. Re1 e5 11. Nf5 d6 12. Nxe7+ Nxe7 13. Be3 a6 14. Qc2 Ng4
15. Bd2 Qb6 16. Re2 f5 17. h3 Nf6 18. Be3 Qc7 19. b3 f4 20. gxf4 exf4 21. Bxf4
Qc5 22. Be3 Qh5 23. Nd5 Ng6 24. Bd4 Bxh3 25. Bxf6 gxf6 26. Qd3 Bg4 27. Rd2 Nh4
28. Qg3 Kh8 29. Nf4 Qg5 30. Rd5 f5 31. Ne6 Qf6 32. Nd4 Rbd8 33. Re1 Rg8 34. e5
dxe5 35. Qxe5 Qxe5 36. Rexe5 Rxd5 37. Bxd5 Rg7 38. Kh2 Kh7 39. Be6 f4 40. Bd5
f3 41. Be4+ Ng6 42. Re8 h5 43. Nxf3 Bxf3 44. Bxf3 Kh6 45. Re6 Kg5 46. Be4 h4
47. Rxg6+ Rxg6 48. Bxg6 Kxg6 49. Kh3 Kg5 50. b4 Kh5 51. a4 Kg5 52. b5 Kf6 53.
Kxh4 Ke6 54. f4 Kd6 55. Kg5 a5 56. f5 Kc5 57. f6 1-0

[Event "4NCL Online Division 4"]
[Site "online"]
[Date "2020.05.12"]
[Round "6.24"]
[White "Sharan, Kartike"]
[Black "Wiseman, Jim K"]
[Result "0-1"]
[WhiteElo "1140"]
[BlackElo "1622"]
[PlyCount "94"]
[EventDate "2020.05.12"]
[WhiteTeam "Phones Pals"]
[BlackTeam "Atticus B"]

1. e4 c5 2. Nf3 a6 3. Nc3 e6 4. g3 b5 5. d3 Bb7 6. Bg2 Be7 7. Be3 d6 8. Qd2 Nd7
9. O-O Ngf6 10. d4 Nxe4 11. Nxe4 Bxe4 12. dxc5 Nxc5 13. Qc3 O-O 14. Bd4 e5 15.
Bxc5 dxc5 16. Nxe5 Bxg2 17. Kxg2 Bf6 18. Qe3 Qd5+ 19. Nf3 Bxb2 20. Rfd1 Qc6 21.
Rab1 Bf6 22. Qf4 Rfd8 23. Kg1 Re8 24. Rd6 Qb7 25. Qg4 Qe4 26. Qxe4 Rxe4 27. Rc6
c4 28. Re1 Rxe1+ 29. Nxe1 Bc3 30. Nf3 g6 31. a4 Kg7 32. axb5 axb5 33. Rc5 Rb8
34. Ng5 Bf6 35. Ne4 h5 36. Nd6 Be7 37. Rxb5 Bxd6 38. Rd5 Rb6 39. Rd4 Rc6 40.
Kf1 c3 41. Ke2 Be5 42. Re4 Re6 43. Kd3 Bf6 44. Rc4 Rd6+ 45. Ke3 Rd2 46. h4 Rxc2
47. Kd3 Rxf2 0-1

[Event "4NCL Online Division 4"]
[Site "online"]
[Date "2020.05.12"]
[Round "6.31"]
[White "Kolani, Arjun"]
[Black "Breed, Greg J"]
[Result "1-0"]
[WhiteElo "1937"]
[BlackElo "1825"]
[PlyCount "71"]
[EventDate "2020.05.12"]
[WhiteTeam "Battersea Howitzers"]
[BlackTeam "Hatch End A"]

1. e4 e6 2. d4 d5 3. Nc3 Nf6 4. Bg5 Be7 5. e5 Nfd7 6. Bxe7 Qxe7 7. f4 c5 8. Nb5
O-O 9. Nc7 cxd4 10. Nxa8 Qb4+ 11. Qd2 Qxb2 12. Rd1 Nc6 13. Nf3 Nc5 14. Bd3 Bd7
15. Nc7 Rc8 16. Nxd5 exd5 17. O-O Nxd3 18. cxd3 Qxd2 19. Rxd2 f6 20. Re1 Kf7
21. Rde2 Bf5 22. Rd1 h6 23. Rb2 Rc7 24. Rdb1 b6 25. Rc1 Rc8 26. Rbc2 Ne7 27.
Rxc8 Bxc8 28. Nxd4 fxe5 29. fxe5 Ba6 30. Rc7 Kf8 31. Rxa7 Bxd3 32. e6 g5 33.
Kf2 Be4 34. Rb7 h5 35. Rxb6 Ng6 36. Nc6 1-0

[Event "4NCL Online Division 4"]
[Site "online"]
[Date "2020.05.12"]
[Round "6.32"]
[White "Phillips, William"]
[Black "Buanne, Luca"]
[Result "0-1"]
[WhiteElo "1870"]
[BlackElo "1922"]
[PlyCount "106"]
[EventDate "2020.05.12"]
[WhiteTeam "Hatch End A"]
[BlackTeam "Battersea Howitzers"]

1. e4 c5 2. Nf3 d6 3. Bb5+ Nd7 4. O-O a6 5. Be2 e5 6. c3 Ngf6 7. d3 Be7 8. Re1
O-O 9. Nbd2 b6 10. d4 Bb7 11. d5 Ne8 12. Nf1 f5 13. Ng3 f4 14. Nf5 g6 15. Nxe7+
Qxe7 16. g3 g5 17. h3 Kg7 18. Nh2 Nef6 19. Bg4 Nxg4 20. Qxg4 h6 21. Qd1 Kh7 22.
g4 Nf6 23. c4 Kg7 24. Kg2 Rh8 25. Rh1 Rh7 26. Bd2 Nxe4 27. Nf3 Bc8 28. Qc2 Nf6
29. Nh2 h5 30. f3 hxg4 31. Nxg4 Bxg4 32. hxg4 Rah8 33. Qf5 Ne8 34. Rxh7+ Rxh7
35. Rh1 Rxh1 36. Kxh1 Qf6 37. Qxf6+ Nxf6 38. Kg2 e4 39. fxe4 Nxe4 40. Be1 Kf6
41. Kf3 Ke5 42. b3 Kd4 43. a4 a5 44. Ke2 Nf6 45. Kf3 Kd3 46. Bh4 gxh4 47. g5
Nh5 48. Kg4 h3 49. Kxh3 Ke3 50. Kg4 Ng7 51. g6 f3 52. Kg5 f2 53. Kh6 Ne8 0-1

[Event "4NCL Online Division 4"]
[Site "online"]
[Date "2020.05.12"]
[Round "6.33"]
[White "Mellor, Jessica"]
[Black "Hayali, Laith"]
[Result "0-1"]
[WhiteElo "1870"]
[BlackElo "1757"]
[PlyCount "66"]
[EventDate "2020.05.12"]
[WhiteTeam "Battersea Howitzers"]
[BlackTeam "Hatch End A"]

1. e4 e6 2. d4 d5 3. e5 c5 4. c3 Qb6 5. Nf3 Nc6 6. a3 Bd7 7. b4 cxd4 8. cxd4
Rc8 9. Bb2 Nh6 10. Nbd2 Nf5 11. Nb3 a5 12. b5 a4 13. Nc5 Ncxd4 14. Nxd7 Qa5+
15. Qd2 Qxd2+ 16. Kxd2 Nb3+ 17. Kd1 Nxa1 18. Nb6 Rc2 19. Bxa1 Ra2 20. Bc3 Rxa3
21. Bb2 Ra2 22. Kc1 Bc5 23. Nc4 dxc4 24. Bxc4 Rxb2 25. Kxb2 Ke7 26. Rd1 Bxf2
27. Ka3 Ne3 28. Rc1 Rc8 29. Kb4 a3 30. Rc3 Nxc4 31. Kb3 Na5+ 32. Kb4 Rxc3 33.
Kxc3 Nc4 0-1

[Event "4NCL Online Division 4"]
[Site "online"]
[Date "2020.05.12"]
[Round "6.34"]
[White "Pattni, Kishan"]
[Black "Steiners, Emils"]
[Result "1-0"]
[WhiteElo "1757"]
[BlackElo "1405"]
[PlyCount "89"]
[EventDate "2020.05.12"]
[WhiteTeam "Hatch End A"]
[BlackTeam "Battersea Howitzers"]

1. f4 d5 2. Nf3 Nc6 3. e3 Nf6 4. Bb5 Bd7 5. b3 a6 6. Bxc6 Bxc6 7. Bb2 e6 8. O-O
Bd6 9. Qe1 Qe7 10. d3 O-O 11. Ne5 Rad8 12. Nd2 Nd7 13. Nxc6 bxc6 14. Nf3 Rfe8
15. Qg3 f6 16. Rae1 e5 17. fxe5 Nxe5 18. Nxe5 Bxe5 19. Bxe5 Qxe5 20. Qxe5 fxe5
21. e4 d4 22. Rf5 Rd7 23. Ref1 a5 24. a4 c5 25. R1f3 h6 26. h4 Rde7 27. g4 Rd7
28. g5 Rde7 29. g6 Rd7 30. h5 c6 31. Rf7 Red8 32. R3f5 Rd6 33. Ra7 Rf6 34. Rxa5
Rxf5 35. exf5 Rf8 36. Rxc5 Rxf5 37. Rxc6 Kf8 38. a5 Rg5+ 39. Kf2 Rf5+ 40. Ke2
Rxh5 41. a6 Rh2+ 42. Kf3 Rh3+ 43. Ke4 Re3+ 44. Kd5 Re1 45. Ke6 1-0

[Event "4NCL Online Division 4"]
[Site "online"]
[Date "2020.05.12"]
[Round "6.41"]
[White "Jennings, Richard"]
[Black "Rathbone-Jones, Ifan"]
[Result "1-0"]
[WhiteElo "1872"]
[BlackElo "2072"]
[PlyCount "51"]
[EventDate "2020.05.12"]
[WhiteTeam "Bon Accord B"]
[BlackTeam "To Be Decided"]

1. d4 d5 2. Nf3 c6 3. c4 e6 4. cxd5 exd5 5. Qc2 Bd6 6. Bg5 Qb6 7. e3 Bg4 8. Bd3
h6 9. Bh4 Na6 10. a3 Qa5+ 11. Qd2 Bb4 12. Nc3 Bxc3 13. bxc3 Nc7 14. Ne5 Be6 15.
O-O Nf6 16. f4 Nd7 17. f5 Nxe5 18. fxe6 Nxd3 19. exf7+ Kd7 20. Qxd3 Ne6 21.
Rab1 b5 22. e4 dxe4 23. Qxe4 Qxc3 24. Rbd1 Qc4 25. Rf5 Rhf8 26. Rc5 1-0

[Event "4NCL Online Division 4"]
[Site "online"]
[Date "2020.05.12"]
[Round "6.42"]
[White "Gurner, Jem"]
[Black "Vasiliadis, Theodoros"]
[Result "0-1"]
[WhiteElo "1975"]
[BlackElo "1820"]
[PlyCount "114"]
[EventDate "2020.05.12"]
[WhiteTeam "To Be Decided"]
[BlackTeam "Bon Accord B"]

1. d4 Nf6 2. Bf4 g6 3. Nc3 Bg7 4. e4 O-O 5. Qd2 d6 6. O-O-O c6 7. f3 Qa5 8. Bh6
Rd8 9. Bxg7 Kxg7 10. g4 Na6 11. h4 h5 12. g5 Ne8 13. Kb1 b5 14. Bd3 Rb8 15. f4
c5 16. Nxb5 Rxb5 17. Bxb5 Qxb5 18. Nf3 Bg4 19. Rhf1 Rb8 20. Qc3 Qb4 21. Qxb4
Rxb4 22. c3 Rb7 23. d5 Nac7 24. Rd2 Na8 25. Kc2 Nb6 26. b3 a5 27. Ne1 a4 28.
Ng2 axb3+ 29. axb3 Ra7 30. Ne3 Bh3 31. Rh1 Bd7 32. Kd3 Nc7 33. Rhh2 Ra3 34. Rb2
Na6 35. Nc2 Ra5 36. Ne3 Ra3 37. Nc2 Rxb3 38. Rxb3 c4+ 39. Kd4 cxb3 40. Na1 Nc5
41. c4 Nba4 42. Rh1 b2 43. Nc2 Nb3+ 44. Ke3 Bg4 45. Na3 Nc1 46. Kd2 Be2 47. Kc2
Bd3+ 48. Kd2 Bxc4 49. Ke3 Nc3 50. Kd4 Nb5+ 51. Kxc4 Nxa3+ 52. Kc3 b1=Q 53. Rxc1
Qxc1+ 54. Kb4 Qc5+ 55. Kb3 Nb5 56. f5 Nd4+ 57. Kb2 Qc2+ 0-1

[Event "4NCL Online Division 4"]
[Site "online"]
[Date "2020.05.12"]
[Round "6.43"]
[White "Brennan, J Ross"]
[Black "Chadha, Sambhav"]
[Result "0-1"]
[WhiteElo "1706"]
[BlackElo "1706"]
[PlyCount "194"]
[EventDate "2020.05.12"]
[WhiteTeam "Bon Accord B"]
[BlackTeam "To Be Decided"]

1. d4 Nf6 2. Bg5 c5 3. c3 Qb6 4. Bc1 e6 5. e3 Nc6 6. Nf3 d5 7. dxc5 Bxc5 8.
Nbd2 O-O 9. Qb3 Bd7 10. Be2 Rac8 11. Qxb6 Bxb6 12. O-O Rfd8 13. Rd1 a6 14. Nf1
h6 15. Ng3 e5 16. h3 Be6 17. b3 Bc7 18. Bb2 b5 19. Rac1 Na5 20. Ba3 Bb8 21. Nh4
Bd6 22. Bb2 g6 23. Nf3 Nd7 24. e4 dxe4 25. Nxe4 Be7 26. Nd6 Rc6 27. Ne4 Rcc8
28. Nd6 Rc6 29. Ne4 f5 30. Ng3 Bf6 31. Kf1 Kg7 32. Kg1 Rcc8 33. Rd6 Nc5 34.
Rcd1 Rxd6 35. Rxd6 Rc6 36. Rxc6 Nxc6 37. Nf1 Kf7 38. Ne3 Nd7 39. Nd2 e4 40. Nd1
Nc5 41. c4 bxc4 42. Nxc4 Bxb2 43. Ndxb2 Nd4 44. Bf1 g5 45. Ne5+ Kf6 46. Nec4 f4
47. Nd1 Bf5 48. Nc3 Nc6 49. Nd6 Ke6 50. Nxf5 Kxf5 51. Bc4 Ne5 52. Bd5 Ned3 53.
Kf1 Ke5 54. Bc4 Ne6 55. Bxe6 Kxe6 56. Nxe4 Ke5 57. Nd2 Kd4 58. g3 Nc1 59. gxf4
gxf4 60. Kg2 Nxa2 61. Kf3 Kc3 62. Ne4+ Kb4 63. Kxf4 Nc1 64. Ke3 Nxb3 65. f4 Kc4
66. f5 Kd5 67. Kf4 a5 68. Nc3+ Kd6 69. Nb5+ Ke7 70. Ke5 a4 71. f6+ Kf7 72. Na3
Nc5 73. Kf5 Nd7 74. h4 Nxf6 75. Nc4 Ng8 76. Ne5+ Kg7 77. Nc4 Ne7+ 78. Kg4 Kg6
79. Ne5+ Kf6 80. Nc4 Ng6 81. Na3 Ne7 82. Nc4 Nf5 83. Na3 Ng7 84. Nc4 h5+ 85.
Kf4 Ne6+ 86. Ke4 Ng7 87. Kf4 Nf5 88. Na3 Nxh4 89. Nc4 Nf5 90. Na3 Nd6 91. Nc2
Nc4 92. Nb4 a3 93. Nd5+ Kg6 94. Nc3 Nd2 95. Na2 Nb3 96. Nc3 Nc1 97. Kg3 Ne2+
0-1

[Event "4NCL Online Division 4"]
[Site "online"]
[Date "2020.05.12"]
[Round "6.44"]
[White "Vanjare, Aditya"]
[Black "McLeod, Alisdair"]
[Result "1-0"]
[WhiteElo "1705"]
[BlackElo "1421"]
[PlyCount "65"]
[EventDate "2020.05.12"]
[WhiteTeam "To Be Decided"]
[BlackTeam "Bon Accord B"]

1. d4 d5 2. Bf4 c5 3. e3 a6 4. Nf3 Nc6 5. c3 h6 6. Bd3 Nf6 7. h3 c4 8. Bc2 e6
9. Nbd2 Bd6 10. Ne5 Qc7 11. Ndf3 O-O 12. O-O b5 13. a3 Bb7 14. Re1 a5 15. Qe2
b4 16. Nxc6 Bxf4 17. Nxa5 bxc3 18. Nxb7 Qxb7 19. exf4 cxb2 20. Rab1 c3 21. a4
Rfc8 22. Ne5 Ne4 23. f3 Nd2 24. Rbd1 Qb4 25. Qd3 f5 26. Nd7 Qd6 27. Nc5 Rxc5
28. dxc5 Qxc5+ 29. Kh1 Ne4 30. fxe4 fxe4 31. Qd4 Qc7 32. f5 Qd6 33. Rxe4 1-0

[Event "4NCL Online Division 4"]
[Site "online"]
[Date "2020.05.12"]
[Round "6.51"]
[White "Turner, Lewis A"]
[Black "Zakarian, Dimitrios Levon"]
[Result "0-1"]
[WhiteElo "1802"]
[BlackElo "1877"]
[PlyCount "86"]
[EventDate "2020.05.12"]
[WhiteTeam "Bristol Cabot Blackbeards"]
[BlackTeam "Oxford 3"]

1. d4 Nf6 2. c4 e6 3. Nc3 Bb4 4. e3 b6 5. Nge2 Bb7 6. a3 Bxc3+ 7. Nxc3 d5 8.
Bd3 dxc4 9. Bxc4 O-O 10. O-O Nbd7 11. Qe2 c5 12. Rd1 Qe7 13. f3 Rac8 14. Ba2
Rfd8 15. Bd2 cxd4 16. exd4 Nb8 17. Bg5 h6 18. Bh4 g5 19. Bf2 Nc6 20. Rd2 Nd5
21. Nxd5 exd5 22. Qd3 Qf6 23. Re1 Ne7 24. Bg3 Ng6 25. Rde2 Kf8 26. Bb1 Re8 27.
Be5 Qc6 28. Qd2 Nxe5 29. dxe5 Ba6 30. Re3 Qc5 31. b4 Qc4 32. Bd3 Qd4 33. Qe2
Rxe5 34. Bxa6 Rce8 35. Qd3 Qxd3 36. Rxd3 Rxe1+ 37. Kf2 R1e2+ 38. Kg3 Ra2 39.
Bb5 Ree2 40. Rxd5 Rxg2+ 41. Kh3 Rxh2+ 42. Kg4 Rhg2+ 43. Kf5 Rxa3 0-1

[Event "4NCL Online Division 4"]
[Site "online"]
[Date "2020.05.12"]
[Round "6.52"]
[White "Cole, Graham"]
[Black "Marston, Alastair"]
[Result "1-0"]
[WhiteElo "1818"]
[BlackElo "1720"]
[PlyCount "79"]
[EventDate "2020.05.12"]
[WhiteTeam "Oxford 3"]
[BlackTeam "Bristol Cabot Blackbeards"]

1. e4 e6 2. d4 d5 3. Nc3 Bb4 4. e5 c5 5. a3 Bxc3+ 6. bxc3 Ne7 7. Qg4 cxd4 8.
Qxg7 Rg8 9. Qxh7 Qc7 10. Ne2 dxc3 11. f4 Nbc6 12. Qd3 d4 13. Nxd4 Nxd4 14. Qxd4
Nf5 15. Qf2 Qc6 16. Rg1 Qe4+ 17. Qe2 Qxe2+ 18. Bxe2 Nd4 19. Bd1 b6 20. Be3 Nf5
21. Bf2 Bb7 22. g4 Ne7 23. Rg3 Rc8 24. Rb1 Be4 25. Rb4 Bg6 26. h4 Nd5 27. Rd4
Rc5 28. f5 Bh7 29. Bf3 Rb5 30. Bxd5 exd5 31. Rxc3 Kd7 32. Rb3 Rc5 33. Kd2 Kc6
34. Ra4 Rc4 35. Rxa7 d4 36. Rxf7 Rxg4 37. Rxh7 Rg2 38. Rf3 Rc3 39. Rxc3+ dxc3+
40. Ke2 1-0

[Event "4NCL Online Division 4"]
[Site "online"]
[Date "2020.05.12"]
[Round "6.53"]
[White "Novakov, Oleksii"]
[Black "Hobson, Kenneth"]
[Result "1-0"]
[WhiteElo "1562"]
[BlackElo "1825"]
[PlyCount "157"]
[EventDate "2020.05.12"]
[WhiteTeam "Bristol Cabot Blackbeards"]
[BlackTeam "Oxford 3"]

1. e4 e5 2. Nf3 Nc6 3. Bc4 Nf6 4. O-O Be7 5. Re1 d6 6. h3 O-O 7. c3 a6 8. d4 h6
9. a4 Kh8 10. a5 Nh7 11. d5 Nb8 12. b4 f5 13. Bd3 Ng5 14. Nxg5 Bxg5 15. Bxg5
Qxg5 16. Nd2 f4 17. Nf3 Qg6 18. Nh4 Qf6 19. Qh5 Kh7 20. Nf5 Bxf5 21. exf5 Nd7
22. Qg6+ Qxg6 23. fxg6+ Kg8 24. c4 Rf6 25. f3 Nf8 26. c5 Nxg6 27. Rac1 Ne7 28.
cxd6 cxd6 29. Rc7 Nxd5 30. Bc4 g5 31. Bxd5+ Kh8 32. Rec1 Rff8 33. Rxb7 Rab8 34.
Rcc7 Rxb7 35. Rxb7 Rc8 36. Rb6 Rc1+ 37. Kh2 Rb1 38. Bb7 Rb2 39. Bxa6 e4 40.
fxe4 f3 41. Bf1 h5 42. a6 Ra2 43. Rxd6 h4 44. a7 Rxa7 45. gxf3 Ra2+ 46. Bg2 Kg7
47. Rd8 Rb2 48. Rb8 Kf6 49. b5 Ke5 50. b6 Kf4 51. b7 Ke3 52. e5 Rb6 53. e6 Rxe6
54. Rc8 g4 55. fxg4 Rb6 56. b8=Q Rxb8 57. Rxb8 Kf4 58. Rf8+ Kg5 59. Rf5+ Kg6
60. Rh5 Kf6 61. Rxh4 Kg5 62. Rh8 Kg6 63. h4 Kg7 64. Ra8 Kg6 65. Be4+ Kh6 66.
g5+ Kg7 67. h5 Kf7 68. h6 Ke6 69. h7 Ke5 70. Bb1 Kf4 71. g6 Kg5 72. g7 Kf4 73.
h8=Q Ke5 74. g8=Q+ Kf4 75. Rf8+ Ke3 76. Qe6+ Kd2 77. Qd4+ Kc1 78. Qec4+ Kxb1
79. Rb8# 1-0

[Event "4NCL Online Division 4"]
[Site "online"]
[Date "2020.05.12"]
[Round "6.54"]
[White "Bush, Ian"]
[Black "Roberts, Mike"]
[Result "1-0"]
[WhiteElo "1870"]
[BlackElo "1450"]
[PlyCount "83"]
[EventDate "2020.05.12"]
[WhiteTeam "Oxford 3"]
[BlackTeam "Bristol Cabot Blackbeards"]

1. e4 e5 2. Nf3 Nc6 3. Bc4 h6 4. d4 exd4 5. Nxd4 Nxd4 6. Qxd4 d6 7. O-O Ne7 8.
Nc3 Be6 9. Be3 Nc6 10. Bb5 Bd7 11. Qd2 Be7 12. f4 O-O 13. Nd5 a6 14. Bd3 f5 15.
Rae1 fxe4 16. Bxe4 Bf6 17. Nxf6+ Qxf6 18. c3 Rae8 19. Bd5+ Be6 20. Bxc6 bxc6
21. b3 c5 22. c4 Bf5 23. Qa5 Qf7 24. Bc1 Bd3 25. Rxe8 Qxe8 26. Re1 Qc8 27. Qc3
Bf5 28. Bb2 Rf7 29. Qf3 c6 30. h3 Qd7 31. g4 Bh7 32. Qe3 Kf8 33. f5 Re7 34. Qd2
d5 35. Rxe7 Qxe7 36. cxd5 Qd6 37. Qc3 Qf6 38. dxc6 Qxc3 39. Bxc3 Ke7 40. Bxg7
h5 41. f6+ Kd6 42. f7 1-0

[Event "4NCL Online Division 4"]
[Site "online"]
[Date "2020.05.12"]
[Round "6.61"]
[White "George, Ian M"]
[Black "Kolbusz, George"]
[Result "1/2-1/2"]
[WhiteElo "1922"]
[BlackElo "1892"]
[PlyCount "87"]
[EventDate "2020.05.12"]
[WhiteTeam "Camborne & Redruth"]
[BlackTeam "Shropshire 3"]

1. e4 d5 2. exd5 Qxd5 3. Nc3 Qd6 4. d4 Nf6 5. g3 g6 6. Bg2 Bg7 7. Nf3 Qa6 8.
Qe2 O-O 9. O-O Qxe2 10. Nxe2 Bf5 11. Nh4 Be4 12. Bf4 Bxg2 13. Nxg2 c6 14. c3
Nbd7 15. Rfe1 Nd5 16. Rad1 Rad8 17. Ne3 Nxf4 18. Nxf4 e5 19. dxe5 Nxe5 20. Kg2
Rfe8 21. Rxd8 Rxd8 22. Rd1 Rxd1 23. Nxd1 Kf8 24. h4 h5 25. Kf1 Ke7 26. Ke2 a5
27. Nd3 Nxd3 28. Kxd3 Kd6 29. Ne3 b5 30. b3 Bh6 31. c4 Bxe3 32. fxe3 Ke5 33.
cxb5 cxb5 34. a3 f6 35. a4 Kd5 36. axb5 Kc5 37. b6 Kxb6 38. e4 Kc5 39. Kc3 Kb5
40. Kc2 Kb4 41. Kb2 Kc5 42. Kc3 Kb5 43. Kc2 Kb4 44. Kb2 1/2-1/2

[Event "4NCL Online Division 4"]
[Site "online"]
[Date "2020.05.12"]
[Round "6.62"]
[White "Tarr, Steve F"]
[Black "Morgan, Jamie"]
[Result "1-0"]
[WhiteElo "1817"]
[BlackElo "1877"]
[PlyCount "79"]
[EventDate "2020.05.12"]
[WhiteTeam "Shropshire 3"]
[BlackTeam "Camborne & Redruth"]

1. d4 Nf6 2. Bf4 c5 3. d5 b5 4. a4 Bb7 5. c4 bxc4 6. Nc3 Qa5 7. Bd2 Qd8 8. e4
e6 9. Bxc4 exd5 10. exd5 Be7 11. Nf3 O-O 12. O-O d6 13. Re1 Na6 14. Qe2 Nb4 15.
Qxe7 Bxd5 16. Nxd5 Nfxd5 17. Qxd8 Rfxd8 18. Bxd5 Nxd5 19. Rad1 Rd7 20. Ba5 Nb6
21. Bxb6 axb6 22. Ne5 Rdd8 23. Nc4 Rxa4 24. Nxb6 Rd4 25. Rxd4 cxd4 26. Rd1 Rb8
27. Rc1 g6 28. Rc8+ Rxc8 29. Nxc8 Kf8 30. Nxd6 Ke7 31. Nc4 Ke6 32. Kf1 Kd5 33.
Nd2 f5 34. Ke2 g5 35. Kd3 h5 36. Nf3 g4 37. Nxd4 f4 38. g3 h4 39. gxf4 g3 40.
fxg3 1-0

[Event "4NCL Online Division 4"]
[Site "online"]
[Date "2020.05.12"]
[Round "6.63"]
[White "Gill, Percy TP"]
[Black "Smith, Mark"]
[Result "1-0"]
[WhiteElo "1810"]
[BlackElo "1832"]
[PlyCount "55"]
[EventDate "2020.05.12"]
[WhiteTeam "Camborne & Redruth"]
[BlackTeam "Shropshire 3"]

1. d4 Nf6 2. c4 g6 3. Nc3 d5 4. cxd5 Nxd5 5. e4 Nxc3 6. bxc3 Bg7 7. Bc4 O-O 8.
Be3 c5 9. Ne2 Nc6 10. O-O Bd7 11. Rb1 Qc7 12. Qd2 Na5 13. Bd3 e5 14. d5 c4 15.
Bc2 b5 16. f4 f6 17. f5 g5 18. Ng3 Nb7 19. h4 h6 20. Nh5 Be8 21. Nxg7 Kxg7 22.
hxg5 hxg5 23. Rf3 g4 24. Rg3 Bh5 25. Bh6+ Kf7 26. Bxf8 Rxf8 27. Qh6 Qb6+ 28.
Kf1 1-0

[Event "4NCL Online Division 4"]
[Site "online"]
[Date "2020.05.12"]
[Round "6.64"]
[White "Walker, Kate"]
[Black "Oates, Thomas"]
[Result "0-1"]
[WhiteElo "1705"]
[BlackElo "1645"]
[PlyCount "94"]
[EventDate "2020.05.12"]
[WhiteTeam "Shropshire 3"]
[BlackTeam "Camborne & Redruth"]

1. d4 f5 2. c4 e6 3. Nc3 Nf6 4. Bg5 Bb4 5. e3 d6 6. Bd3 b6 7. Qc2 Bb7 8. f3 O-O
9. O-O-O Bxc3 10. Qxc3 Qe8 11. Bxf6 Rxf6 12. e4 fxe4 13. fxe4 e5 14. d5 Nd7 15.
Nf3 a5 16. Rhf1 Qh5 17. Rf2 Nc5 18. Rdf1 Raf8 19. Qc2 Bc8 20. h3 Rf4 21. a3 a4
22. Qe2 Qg6 23. Re1 Qg3 24. Bc2 Bxh3 25. Qf1 Bxg2 26. Rxg2 Qxf3 27. Qg1 R8f7
28. Kb1 Qh3 29. Ka2 Qd7 30. Bd1 Rxe4 31. Rxe4 Nxe4 32. Bg4 Qd8 33. Be6 Qf6 34.
Qe3 Nc5 35. Rf2 Qxf2 36. Qxf2 Nxe6 37. Qh4 Nf8 38. Qd8 Rd7 39. Qa8 e4 40. Qxa4
e3 41. Qd1 Re7 42. Qe2 Ng6 43. Kb3 Nf4 44. Qe1 e2 45. Kc2 Ng2 46. Qg3 e1=Q 47.
Qxg2 Re2+ 0-1

[Event "4NCL Online Division 4"]
[Site "online"]
[Date "2020.05.12"]
[Round "6.71"]
[White "Stewart, Martin"]
[Black "Clissold, Ben S"]
[Result "0-1"]
[WhiteElo "1802"]
[BlackElo "2135"]
[PlyCount "66"]
[EventDate "2020.05.12"]
[WhiteTeam "Catford Cosmonauts 3"]
[BlackTeam "Manchester Juniors A"]

1. e4 e6 2. d4 d5 3. exd5 exd5 4. Bd3 Bd6 5. c3 c6 6. Ne2 Bg4 7. O-O Qc7 8. h3
Bh5 9. Be3 Nd7 10. Qd2 Ne7 11. Nf4 Bg6 12. Nxg6 hxg6 13. Qc2 O-O-O 14. Nd2 f5
15. Nf3 Nf6 16. Ng5 Rde8 17. Nf7 Rh5 18. Nxd6+ Qxd6 19. Qd2 Ne4 20. Bxe4 fxe4
21. Bf4 Qe6 22. Rae1 Nf5 23. Bh2 g5 24. c4 Re7 25. Qa5 b6 26. Qa6+ Kd8 27. cxd5
cxd5 28. f3 e3 29. g4 Rxh3 30. gxf5 Qxf5 31. Qe2 g6 32. Kg2 Rh4 33. Bg3 Qh3+
0-1

[Event "4NCL Online Division 4"]
[Site "online"]
[Date "2020.05.12"]
[Round "6.72"]
[White "Parry, Samuel"]
[Black "Sedykh, Stakhey"]
[Result "1-0"]
[WhiteElo "1812"]
[BlackElo "1772"]
[PlyCount "63"]
[EventDate "2020.05.12"]
[WhiteTeam "Manchester Juniors A"]
[BlackTeam "Catford Cosmonauts 3"]

1. d4 d5 2. Nc3 Nf6 3. Bg5 Bf5 4. f3 Nc6 5. Qd2 h6 6. Bh4 g5 7. Bg3 a6 8. O-O-O
Qd7 9. Be5 O-O-O 10. g4 Bg6 11. h4 gxh4 12. Nh3 Nb4 13. Nf4 Bxc2 14. Re1 Bg6
15. a3 Nc6 16. Bxf6 exf6 17. Nfxd5 Bg7 18. e4 Rhe8 19. Na4 Kb8 20. Nc5 Qd6 21.
Qc3 f5 22. Qb3 Na5 23. Qb4 Bxd4 24. Nxa6+ Kc8 25. Qxa5 b6 26. Qb5 Qxd5 27. exd5
Rxe1+ 28. Kd2 Rb1 29. Qc6 Be5 30. Bb5 Bf4+ 31. Kc3 Be5+ 32. Kc4 1-0

[Event "4NCL Online Division 4"]
[Site "online"]
[Date "2020.05.12"]
[Round "6.73"]
[White "Oyvat, Cem"]
[Black "Clissold, Julian"]
[Result "1-0"]
[WhiteElo "1667"]
[BlackElo "1795"]
[PlyCount "63"]
[EventDate "2020.05.12"]
[WhiteTeam "Catford Cosmonauts 3"]
[BlackTeam "Manchester Juniors A"]

1. d4 d5 2. Bf4 e6 3. Nf3 Bd6 4. Bg3 Nf6 5. Nbd2 Bxg3 6. hxg3 Nbd7 7. e3 Qe7 8.
c3 c5 9. Bd3 e5 10. dxe5 Nxe5 11. Nxe5 Qxe5 12. Nf3 Qe7 13. Qc2 h6 14. O-O-O c4
15. Bf5 Bxf5 16. Qxf5 Qe6 17. Qc2 O-O 18. Rh4 Rfd8 19. Nd4 Qe5 20. Rdh1 Ne4 21.
g4 Qf6 22. f4 Kf8 23. Nf3 Qb6 24. Nd4 Rd6 25. g5 Rad8 26. Nf5 Rg6 27. gxh6 gxh6
28. Rxh6 Qf6 29. Rh8+ Rg8 30. Rxg8+ Kxg8 31. g4 Kf8 32. Rh6 1-0

[Event "4NCL Online Division 4"]
[Site "online"]
[Date "2020.05.12"]
[Round "6.74"]
[White "Gardiner, Ethan"]
[Black "Foreman, Anthony"]
[Result "1-0"]
[WhiteElo "1795"]
[BlackElo "1532"]
[PlyCount "125"]
[EventDate "2020.05.12"]
[WhiteTeam "Manchester Juniors A"]
[BlackTeam "Catford Cosmonauts 3"]

1. e4 e5 2. Nf3 Nc6 3. Bc4 Nf6 4. d3 Bc5 5. c3 O-O 6. Nbd2 d5 7. exd5 Nxd5 8.
Ne4 Nb6 9. Nxc5 Nxc4 10. dxc4 Qe7 11. Ne4 Bg4 12. h3 Rad8 13. Qe2 Bf5 14. O-O
Rd7 15. Ng3 Be6 16. Be3 b6 17. Ng5 f5 18. Nxe6 Qxe6 19. f4 e4 20. Rad1 Rdf7 21.
Qc2 Qxc4 22. b3 Qe6 23. Ne2 g6 24. Nd4 Nxd4 25. Rxd4 c5 26. Rd2 Qc6 27. c4 Qc7
28. Rfd1 Re8 29. Rd6 g5 30. Qd2 Ree7 31. Rd8+ Rf8 32. Rxf8+ Kxf8 33. Qd8+ Qxd8
34. Rxd8+ Kf7 35. Kf2 gxf4 36. Bxf4 Kg7 37. Rc8 Kf6 38. Rc6+ Kf7 39. Rc7 a6 40.
Rxe7+ Kxe7 41. Ke3 Kd7 42. g4 fxg4 43. hxg4 b5 44. cxb5 axb5 45. Kxe4 Ke6 46.
g5 c4 47. bxc4 bxc4 48. Kd4 Kf5 49. Bd2 Ke6 50. Kxc4 Kd6 51. a3 Kc6 52. Kd4 Kd6
53. Ke4 Ke6 54. a4 Kd6 55. a5 Kc6 56. Be3 Kb5 57. Bb6 h5 58. gxh6 Ka6 59. h7
Kb7 60. h8=Q Ka6 61. Kd4 Kb7 62. Kc5 Ka6 63. Qc8# 1-0

[Event "4NCL Online Division 4"]
[Site "online"]
[Date "2020.05.12"]
[Round "6.81"]
[White "Evans, Craig"]
[Black "Niedbal, Piotr"]
[Result "0-1"]
[WhiteElo "1993"]
[BlackElo "1893"]
[PlyCount "106"]
[EventDate "2020.05.12"]
[WhiteTeam "Celtic Tigers Cubs"]
[BlackTeam "Urmston"]

1. d4 Nf6 2. c4 g6 3. Nc3 Bg7 4. e4 O-O 5. Be2 d6 6. Be3 e5 7. d5 a5 8. g4 Nfd7
9. h4 h6 10. g5 h5 11. Bf3 Na6 12. Nge2 Ndc5 13. Ng3 b6 14. Bxh5 gxh5 15. Nxh5
Nd7 16. Nxg7 Kxg7 17. Qh5 Rh8 18. Qg4 Ndc5 19. Qe2 Qd7 20. O-O-O Na4 21. Rdg1
Nxc3 22. bxc3 Qa4 23. h5 Qa3+ 24. Kb1 Qxc3 25. h6+ Kf8 26. g6 fxg6 27. Rxg6 Nb4
28. Rhg1 Qd3+ 29. Qxd3 Nxd3 30. Rf6+ Ke8 31. Rfg6 Bb7 32. Rg8+ Rxg8 33. Rxg8+
Kf7 34. Rg7+ Kf8 35. Rxc7 Kg8 36. h7+ Kh8 37. Rxb7 Rf8 38. Bxb6 Nxf2 39. Bxf2
Rxf2 40. Rd7 Re2 41. Rxd6 Rxe4 42. c5 Rc4 43. c6 Kxh7 44. Rd7+ Kg6 45. c7 e4
46. d6 Kf6 47. Rd8 e3 48. c8=Q e2 49. Rf8+ Kg7 50. Rg8+ Kh7 51. Rh8+ Kg6 52.
Qf8 e1=Q+ 53. Kb2 Qc1+ 0-1